00544nam a2200193 a 4500001001300000003000900013005001700022008004100039020001300080082001500093100002100108245005900129260005000188300000900238500003500247505002100282650002400303650002300327nice12345678IN_TiNIC20260116013105.0050524s1990 cama grp 000 0 eng  ac1106.300a200.1bLAW aLawson, E Thomas aRethinking Religionb Connecting Cognition and Culture aCambridge bCambridge University Press c1990 a194p aincludes index and biblioraphy2 aReference, Index aReligion-Philosophy aReligion-Symbolism